UKIT quarterly bulletin 2009 Q2 (Record no. 109891)

MARC details
000 -LEADER
fixed length control field 00897cad a22002175a 4500
001 - CONTROL NUMBER
control field E148121
008 - FIXED-LENGTH DATA ELEMENTS--GENERAL INFORMATION
fixed length control field 090731s2009 xxkad f s 000 0 eng d
035 ## - SYSTEM CONTROL NUMBER
System control number (Sirsi) u148121
041 0# - LANGUAGE CODE
Language code of text/sound track or separate title eng
050 04 - LIBRARY OF CONGRESS CALL NUMBER
Classification number 333.33 $2 18
110 2# - MAIN ENTRY--CORPORATE NAME
Corporate name or jurisdiction name as entry element Lambert Smith Hampton
9 (RLIN) 2865
245 00 - TITLE STATEMENT
Title UKIT quarterly bulletin 2009 Q2
Medium [electronic resource]
260 ## - PUBLICATION, DISTRIBUTION, ETC.
Place of publication, distribution, etc. [S.l.]
Name of publisher, distributor, etc. LSH
Date of publication, distribution, etc. 2009
490 #0 - SERIES STATEMENT
Series statement UK Investment Transactions (UKIT)
Volume/sequential designation Second Quarter 2009
520 ## - SUMMARY, ETC.
Summary, etc. Reports that overseas investors made the highest proportion of investment market purchases in Q2 2009, due to the drop in UK real estate values and the rise of the Euro and Dollar against the Pound.
590 ## - LOCAL NOTE (RLIN)
Local note KA NTK
651 #4 - SUBJECT ADDED ENTRY--GEOGRAPHIC NAME
Geographic name United Kingdom
Chronological subdivision
690 ## - LOCAL SUBJECT ADDED ENTRY--TOPICAL TERM (OCLC, RLIN)
Topical term or geographic name as entry element PROPERTY-COMMERCIAL PROPERTY-COMMERCIAL PROPERTY FINANCE AND INVESTMENT
856 40 - ELECTRONIC LOCATION AND ACCESS
Uniform Resource Identifier <a href="https://www.lsh.co.uk/">https://www.lsh.co.uk/</a>
Public note View the item free of charge at www.lsh.co.uk...
942 ## - ADDED ENTRY ELEMENTS (KOHA)
Suppress in OPAC 0
Holdings
Withdrawn status Lost status Source of classification or shelving scheme Damaged status Not for loan Home library Current library Shelving location Date acquired Total Checkouts Full call number Barcode Date last seen Copy number Price effective from Koha item type
    Dewey Decimal Classification     Virtual Virtual Online 31/07/2009   ONLINE PUBLICATION 148121-2001 06/08/2019 1 06/08/2019 Book